Central Library OPAC University of Rajshahi

Distance education : (Record no. 60392)

MARC details
000 -LEADER
fixed length control field 00920nam a2200265 a 4500
001 - CONTROL NUMBER
control field 60392
003 - CONTROL NUMBER IDENTIFIER
rucl marc code BD-RjUL
005 - DATE AND TIME OF LATEST TRANSACTION
control field 20211209080832.0
008 - FIXED-LENGTH DATA ELEMENTS--GENERAL INFORMATION
fixed length control field 161229r19881983enka b 001 0 eng
020 ## - INTERNATIONAL STANDARD BOOK NUMBER
International Standard Book Number 0415010519
035 ## - SYSTEM CONTROL NUMBER
System control number (BD-RjUL)60516
040 ## - CATALOGING SOURCE
Original cataloging agency DLC
Transcribing agency DLC
Modifying agency BD-RjUL
Language of cataloging eng
041 ## - LANGUAGE CODE
Language code of text/sound track or separate title eng
082 00 - DEWEY DECIMAL CLASSIFICATION NUMBER
Classification number 378.03
Edition number 23
Author mark and year DIS 1988
245 00 - TITLE STATEMENT
Title Distance education :
Remainder of title international perspectives /
Statement of responsibility, etc. edited by David Sewart, Desmond Keegan and Börje Holmberg.
260 ## - PUBLICATION, DISTRIBUTION, ETC. (IMPRINT)
Place of publication, distribution, etc. London ;
-- New York :
Name of publisher, distributor, etc. Routledge,
Date of publication, distribution, etc. c1988.
300 ## - PHYSICAL DESCRIPTION
Pagination xiii, 445 p. :
Illustrations ill. ;
Size 22 cm.
500 ## - GENERAL NOTE
General note Reprint. Originally published: London : Croom Helm ; New York : St. Martin's Press, 1983.
504 ## - BIBLIOGRAPHY, ETC. NOTE
Bibliography, etc Includes bibliographical references and index.
650 #0 - SUBJECT ADDED ENTRY--TOPICAL TERM
Topical term or geographic name as entry element Distance education.
9 (RLIN) 179733
700 1# - ADDED ENTRY--PERSONAL NAME
Personal name Sewart, David.
Personal name Keegan, Desmond.
Personal name Holmberg, Börje.
942 ## - ADDED ENTRY ELEMENTS (KOHA)
Source of classification or shelving scheme Dewey Decimal Classification
Koha item type Books
Holdings
Lost status Source of classification or shelving scheme Damaged status Not for loan Collection code Permanent Location Current Location Shelving location Date acquired Source of acquisition Total Checkouts Full call number Date last seen Copy number Koha item type
  Dewey Decimal Classification   Not For Loan Non-fiction Central Library, University of Rajshahi Central Library, University of Rajshahi Reading Room 06/05/1992 Commonwealth   378.03 DIS 1988 31/12/2016 C-1 Books